Manual de periodismo judicial electoral (Record no. 130000)

MARC details
000 -LEADER
fixed length control field 00769nam a22002177a 4500
005 - DATE AND TIME OF LATEST TRANSACTION
control field 20230322122600.0
008 - FIXED-LENGTH DATA ELEMENTS--GENERAL INFORMATION
fixed length control field 230306b mx ||||| |||| 00| 0 spa d
020 ## - INTERNATIONAL STANDARD BOOK NUMBER
International Standard Book Number 9786077086109
050 04 - LIBRARY OF CONGRESS CALL NUMBER
Classification number KGF3015
Item number M36 2022
245 00 - TITLE STATEMENT
Title Manual de periodismo judicial electoral
Statement of responsibility, etc / Saúl López Noriega, coordinación
250 ## - EDITION STATEMENT
Edition statement 1a ed.
260 ## - PUBLICATION, DISTRIBUTION, ETC. (IMPRINT)
Place of publication, distribution, etc México :
Name of publisher, distributor, etc Tribunal Electoral del Poder Judicial de la Federación,
Date of publication, distribution, etc 2022
300 ## - PHYSICAL DESCRIPTION
Extent 111 p. ;
Dimensions 25 cm.
650 #7 - SUBJECT ADDED ENTRY--TOPICAL TERM
Source of heading or term lemb
Topical term or geographic name as entry element Libertad de información
Geographic subdivision México
650 #7 - SUBJECT ADDED ENTRY--TOPICAL TERM
Source of heading or term lemb
Topical term or geographic name as entry element Libertad de prensa
Geographic subdivision México
650 #7 - SUBJECT ADDED ENTRY--TOPICAL TERM
Source of heading or term lemb
Topical term or geographic name as entry element Derecho electoral
Chronological subdivision México
700 1# - ADDED ENTRY--PERSONAL NAME
Personal name López Noriega, Saúl,
Relator term coordinador
700 1# - ADDED ENTRY--PERSONAL NAME
Personal name Alcudia, José Luis
Relator term autor
700 1# - ADDED ENTRY--PERSONAL NAME
Personal name Álvarez Mendiola, Rubén
Relator term autor
942 ## - ADDED ENTRY ELEMENTS (KOHA)
Source of classification or shelving scheme Biblioteca del Cogreso de los Estados Unidos
Koha item type Libro
Holdings
Estado de pérdida Fuente de clasificación Estado del daño No para préstamo Ubicación permanente Ubicación actual Apartado o colección Fecha de adquisición Fuente de adquisición Edición Área del conocimiento Clasificación Código de Barras Date last seen Número de copia Costo por reposición Tipo de recurso
  Biblioteca del Cogreso de los Estados Unidos     Biblioteca del Colegio de San Nicolás Biblioteca del Colegio de San Nicolás General 22/03/2023 Donación 1a ed. Ciencias Sociales y Administrativas KGF3015 M36 2022 BPCS000003365 22/03/2023 1 1.00 Libro